<Die> Macht der Banken <Die> personellen Verflechtungen der Commerzbank, der Deutschen Bank und der Dresdner Bank mit Unternehmen

Salvato in:
Dettagli Bibliografici
Autore principale: Pfeiffer, Hermannus
Natura: Libro
Lingua:tedesco
Pubblicazione: Frankfurt am Main Campus 1993
Edizione:1. Aufl.
Soggetti:
Tags: Aggiungi Tag
Nessun Tag, puoi essere il primo ad aggiungerne!!

MARC

LEADER 00000nam a2200000 4500
001 c010975
005 20221206075552.5
020 |a 3-593-34989-2 
041 0 |a ger 
044 |a DE 
245 1 0 |a <Die> Macht der Banken  |b <Die> personellen Verflechtungen der Commerzbank, der Deutschen Bank und der Dresdner Bank mit Unternehmen  |c Hermannus Pfeiffer 
250 |a 1. Aufl. 
264 1 |a Frankfurt am Main  |b Campus  |c 1993 
300 |a 346 s. 
610 2 0 |a banky 
610 2 0 |a ústavy finančné 
610 2 0 |a ústavy úverové 
610 2 0 |a štúdie prípadové 
610 2 0 |a Nemecko 
100 1 |a Pfeiffer, Hermannus